Music Quiz

Random Music Quiz

Weird al eBay lyrics Quiz Stats

 Plays Quiz not verified by Sporcle

Challenge
Share
Tweet
Score 0/89 Timer 10:00
0 Plays Today
Lyrics % Correct
A
88.9%
A
88.9%
A
88.9%
A
87.5%
I
83.3%
eBay.
83.3%
I
83.3%
I
83.3%
I
81.3%
eBay
81.3%
eBay
81.3%
What
77.8%
On
77.8%
On
75%
On
75%
On
75%
Bought
72.2%
Used
66.7%
Pink
66.7%
Bathrobe,
66.7%
Rare
66.7%
Snow
66.7%
Globe
66.7%
TV
66.7%
Tray
66.7%
Buy...
62.5%
Buy...
62.5%
Buy
62.5%
Mint
61.1%
Me
61.1%
Lyrics % Correct
Me
61.1%
Got
61.1%
That
56.3%
Me
56.3%
Me
56.3%
Smurf
55.6%
Tell
55.6%
Why
55.6%
Tell
55.6%
Why
55.6%
Tell
50%
Why
50%
Bid
50%
Need
44.4%
Another
44.4%
Pet
44.4%
Rock
44.4%
They
43.8%
They
43.8%
All
43.8%
They
43.8%
Love
43.8%
Gonna
43.8%
Gonna
43.8%
Alarm
37.5%
Clock.
37.5%
Old
37.5%
It
37.5%
I'll
37.5%
My
37.5%
Lyrics % Correct
Your
31.3%
Say...
31.3%
From
31.3%
Never
31.3%
Elf
25%
A++
25%
With
25%
In
25%
Had
18.8%
Knickknacks
18.8%
Just
18.8%
Slightly
18.8%
Damaged
18.8%
Some
18.8%
New
18.8%
Some
18.8%
Guy
18.8%
Ive
18.8%
Met
18.8%
Norway
18.8%
Check..
12.5%
Feedback
12.5%
Golf
12.5%
Bag...
12.5%
Beanie
12.5%
Babies
12.5%
Tag.
12.5%
Toupé
6.3%
Shactners
0%

You're not logged in!

Compare scores with friends on all Sporcle quizzes.
Join for Free
OR
Log In

You Might Also Like...

Show Comments

Extras

Created Aug 8, 2017SourceReportNominate
Tags:ebay, weird

Top Quizzes Today


Score Distribution

Your Account Isn't Verified!

In order to create a playlist on Sporcle, you need to verify the email address you used during registration. Go to your Sporcle Settings to finish the process.

Report this User

Report this user for behavior that violates our Community Guidelines.

Details: